000 00459ntaaa2200181 4500
003 01
005 20251027202437.0
008 0714s1973 ag 01
040 _aAR-BaBN
_bspa
_cAR-BaBN
_eaacr
_dRIC
082 _a266.0000 H91
100 _aHant, W. Boyd
_923308
245 _aSixteen to one
250 _a1 ed. :
_bBroadman Press,
_cc1953
300 _a115 p.
500 _a"mission study book ofr young people for 1953"
650 _aMisiones
942 _cBK
999 _c19414
_d19414